00342nam a22001337a 4500003000400000005001700004008004100021050002400062082002500086245002200111260004200133300002100175650001200196OSt20140310182205.0130904t xxu||||| |||| 00| 0 eng d aBX 4700b.L785 1995 aHS 291.09 bB14 1990 aLives of Saints / aPhilippines : bPaulines, cc1995.  a210 p. :c18 cm. aSaints.